| 000 | 00762nam a2200229 a 4500 | ||
|---|---|---|---|
| 001 | 58269 | ||
| 003 | BD-RjUL | ||
| 005 | 20211209080613.0 | ||
| 008 | 161217s1964 nyu 000 0 eng | ||
| 035 | _a(BD-RjUL)58393 | ||
| 035 | _a(OCoLC)388133 | ||
| 040 |
_aDLC _cODaWU _dOCoLC _dDLC _beng |
||
| 041 | _aeng | ||
| 082 |
_a303.3 _223 _bMAP 1964 |
||
| 100 | 1 |
_aMacIver, Robert M. _q(Robert Morrison), _d1882-1970. _9173087 |
|
| 245 | 1 | 0 |
_aPower transformed : _bthe age-slow deliverance of the folk and now the potential deliverance of the nations from the rule of force / _c Robert M. MacIver |
| 260 |
_aNew York : _bMacmillan, _c[1964] |
||
| 300 |
_a244 p. ; _c22 cm. |
||
| 650 | 0 |
_aCivilization, Modern _9170288 |
|
| 942 |
_2ddc _cBK |
||
| 999 |
_c58269 _d58269 |
||